000 00375 a2200121 4500
001 ART_12657
005 20260410161908.0
008 260409a
245 1 0 _aOccupational pension scheme membership and retirement saving
100 1 _aHemming, Richard
700 1 _aHarvey, R.
773 0 _tThe Economic Journal
_g- Vol. 93, NÂș 369 (mar. 1983)
_wREV12512
999 _c26550
_d26550